|
|
|
|
| LEADER |
00000ny a22000003n 4500 |
| 005 |
20110510110710.0 |
| 006 |
m d |||||| |
| 007 |
cr anunnnuuuaa |
| 008 |
751022c19759999iau p gv 0 eng d |
| 022 |
0 |
|
|a 0360-795X
|
| 035 |
|
|
|a 4027
|
| 040 |
|
|
|d vLex
|
| 050 |
0 |
0 |
|a K10
|b .O859
|
| 050 |
0 |
0 |
|a K10
|b .O859
|
| 090 |
|
|
|c 1502
|d 1502
|
| 245 |
0 |
4 |
|a The Journal of corporation law
|h [Recurso electrn̤ico]
|
| 256 |
|
|
|a Servicio en ln̕ea
|
| 260 |
|
|
|a [Iowa City :
|b University of Iowa, College of Law]
|
| 310 |
|
|
|a Quarterly
|b , v. 7-
|
| 506 |
1 |
|
|a Contenido solo disponible en los productos indicados
|d vLex Global
|d vLex Global (Academic Edition, excluding Law Schools)
|d vLex Global (U.S. Academic Edition, excluding Law Schools)
|
| 650 |
0 |
4 |
|a Sociedades
|x Derecho
|z Estados Unidos
|x Publicaciones perid̤icas
|
| 710 |
2 |
|
|a University of Iowa.
|b College of Law
|
| 740 |
0 |
|
|a vLex Revista (Servicios en ln̕ea)
|
| 843 |
|
|
|a Electrn̤ica. Abierta
|
| 853 |
|
|
|8 1
|i (year)
|j (month)
|k (day)
|
| 856 |
4 |
0 |
|u http://vlex.com/source/4027
|z Acceso restringido
|
| 942 |
|
|
|c REV
|
| 999 |
|
0 |
|a Corporation law
|z United States
|v Periodicals
|